Orientación: programa de estudio, octavo año básico NB6
Saved in:
| Institution som forfatter: | |
|---|---|
| Format: | Bog |
| Sprog: | spansk |
| Udgivet: |
Santiago
Ministerio de Educación
2001
|
| Serier: | Educación Básica, 8
|
| Fag: | |
| Tags: |
Tilføj Tag
Ingen Tags, Vær først til at tagge denne postø!
|
MARC
| LEADER | 00000cam a2200000 a 4500 | ||
|---|---|---|---|
| 001 | UCM2190 | ||
| 003 | CL-VaPUC | ||
| 008 | 020425e20010000CL |||||||||||||||||spa|d | ||
| 020 | |a 9567933847 | ||
| 082 | 0 | 4 | |a 372.8 |b MIN |2 21 |
| 110 | 2 | |a Ministerio de Educación |e author |9 468958 | |
| 245 | 1 | 0 | |a Orientación: programa de estudio, octavo año básico NB6 |
| 300 | |a 119 p | ||
| 942 | |c BK | ||
| 945 | |d 20020425 00:00:00 |a cmena | ||
| 260 | |a Santiago |b Ministerio de Educación |c 2001 | ||
| 650 | 0 | |a Educación básica |9 224933 | |
| 650 | 0 | |a Programas de educación |9 339040 | |
| 650 | 0 | |a Relaciones interpersonales |9 307056 | |
| 650 | 0 | |a Comportamiento sexual |9 334955 | |
| 650 | 0 | |a Psicología educacional |9 307830 | |
| 583 | |a last modification |c 20140401 07:15:56 |k Rodrigo Vera | ||
| 490 | 0 | |a Educación Básica, 8 | |
| 999 | |c 300165 |d 300163 | ||
| 952 | |0 0 |1 0 |4 0 |6 372_800000000000000_MIN_2001 |7 0 |8 R |9 357577 |a BIBEDU |b BIBEDU |d 2019-11-21 |i 4243439 |o 372.8 MIN 2001 |p 4243439 |r 2019-11-21 |w 2019-11-21 |y BK_R |k EBA | ||
| 952 | |0 0 |1 0 |4 0 |6 372_800000000000000_MIN_2001 |7 0 |8 R |9 357578 |a BIBEDU |b BIBEDU |d 2019-11-21 |i 4277570 |o 372.8 MIN 2001 |p 4277570 |r 2019-11-21 |w 2019-11-21 |y BK_R |k EBA | ||
| 952 | |0 0 |1 0 |4 0 |6 372_800000000000000_MIN_2001 |7 0 |8 R |9 357579 |a BIBEDU |b BIBEDU |d 2019-11-21 |i 4291190 |o 372.8 MIN 2001 |p 4291190 |r 2019-11-21 |w 2019-11-21 |y BK_R |k EBA | ||